| 000 | 00495nam a22001817a 4500 | ||
|---|---|---|---|
| 005 | 20251108175212.0 | ||
| 008 | 250721s9999 xx 000 0 ara d | ||
| 082 | 1 | 4 | _a305.4/سنة |
| 100 | 1 | _aابو سنة، منى | |
| 245 | 1 | 0 | _aنقد عقل المرأة / |
| 264 | 1 |
_aالقاهرة _ مصر : _bدار قباء للطباعة والنشر، |
|
| 300 | _a136ص. | ||
| 650 | 1 | 7 | _aالمرأة |
| 650 | 1 | 7 | _aالنقد |
| 650 | 1 | 7 | _aالعقل |
| 942 |
_2ddc _cBK |
||
| 999 |
_c128559 _d128559 |
||